Antecedents and Consequences of consumer motivation in Patronizing Wasiyyah services in Malaysia
محفوظ في:
| المؤلف الرئيسي: | |
|---|---|
| التنسيق: | كتاب |
| الوسوم: |
إضافة وسم
لا توجد وسوم, كن أول من يضع وسما على هذه التسجيلة!
|
| LEADER | 00661nam a2200121 4500 | ||
|---|---|---|---|
| 040 | |a lcc | ||
| 100 | |9 576081 |a Amalina Mursidi | ||
| 245 | |a Antecedents and Consequences of consumer motivation in Patronizing Wasiyyah services in Malaysia | ||
| 264 | |a Gombak, Selangor |b Kulliyyah of Economics and Management Sciences, International Islamic University Malaysia |c 2021 | ||
| 942 | |2 lcc | ||
| 999 | |c 516868 |d 548285 | ||
| 952 | |0 0 |1 0 |2 lcc |4 0 |7 5 |8 IIUMTHESIS |9 1016921 |a IIUM |b IIUM |c THESIS |d 2023-07-04 |e MGIFT |p 11100484230 |r 2023-07-04 |w 2023-07-04 |y THESIS | ||
| 952 | |0 0 |1 0 |2 lcc |4 0 |7 5 |8 THESISSOFTCOPY |9 1016922 |a IIUM |b IIUM |c THESIS |d 2023-07-04 |e MGIFT |p 11100484231 |r 2023-07-04 |w 2023-07-04 |y THESISDIG | ||
